000
00496nam a2200145Ia 4500
008
100204s9999 xx 000 0 und d
082
_b
4819
100
_a
गोगटे शकुंतला
245
_a
चांदणे शिंपित जा
260
_b
"स्मिता प्रकाशन, पुणे 30"
_c
1982
300
_a
155
630
_a
चांदणे शिंपित जा
730
_a
चांदणे शिंपित जा
942
_c
BOOK
999
_c
449499
_d
449496